| 000 | 00935nam a2200253Ia 4500 | ||
|---|---|---|---|
| 003 | OSt | ||
| 005 | 20220923220000.0 | ||
| 006 | a|||||r|||| 00| 0 | ||
| 007 | ta | ||
| 008 | 220922b |||||||| |||| 00| 0 hin d | ||
| 024 | _a183,322 | ||
| 037 | _cTextual | ||
| 040 |
_aARTS _cARTS _bhin |
||
| 041 |
_2hin _ahin |
||
| 082 | _aO152,1N193:g, L6 | ||
| 100 |
_aविजय कुमारी _9156291 |
||
| 245 | 0 | _aगिरिजा कुमार माथुर की नयी कविता के परिप्रेक्ष्य में | |
| 246 | _aGirijā kumār māthur kī nayī kavitā ke pariprekṣhya mean | ||
| 260 |
_aदिल्ली _b अभिनव प्रकाशन _c1976 |
||
| 300 |
_a224 पृ. _ccm. |
||
| 650 |
_aहिन्दी साहित्य _9156264 |
||
| 942 |
_hO152,1N193:g, L6 _cTEXL _2CC |
||
| 999 |
_c336658 _d336658 |
||